000 01123nam1a22002531i 4500
001 v19\rc\1507480
005 20260405232635.0
035 _a(NLR Aleph) 005233088
090 _a5626070
_c5626070
100 _a20060620g18841885|||y0rusy50 ca
101 0 _arus
102 _aRU
105 _a z |||||
200 1 _aТеория корабля
_eКурс, сост. для воспитанников кондукт. класса кораблестроит. отд. Техн. уч-ща Мор. ведомства бывшим инспектором классов и преп. И.П. Алымовым. Ч. 1-2
210 _aКронштадт
_cлит. Техн. уч-ща Мор. ведомства
_d1884-1885
215 _a2 т.
_d35
309 _aНаписано от руки. Литогр.
700 1 _4220
_8rus
_7ca
_aАлымов
_bИ. П.
_f1831-1884
_gИлья Павлович
_3RU\NLR\AUTH\77106442
_989367
801 0 _aRU
_bNLR
_c20060620
_gpsbo
801 0 _aRU
_bRuMoRGB
_c20060620
_2psbo
801 1 _aRU
_bProSoft-M
_c20060620
_2rusmarc
801 2 _aRU
_bNLR
_c20121212
_2rusmarc
852 _aNLR
_j71-10/118
942 _cBOOK